Sports Quiz

Random Sports or NFL Quiz
Score 0/250 Timer 12:00
98 Plays Today
Year Name % Correct
2017Tom Brady
98%
2015Tom Brady
97.8%
2011Tom Brady
97.6%
2012Tom Brady
97.6%
2009Peyton Manning
97.4%
2006Peyton Manning
97.4%
2004Peyton Manning
97.4%
2003Peyton Manning
97.4%
2002Peyton Manning
97.4%
2001Peyton Manning
97.4%
2000Peyton Manning
97.4%
1999Peyton Manning
97.4%
1998Peyton Manning
97.4%
2005Eli Manning
96.8%
2007Tom Brady
96.7%
2005Tom Brady
96.7%
2009Tom Brady
96.2%
2011Drew Brees
95.8%
2011Eli Manning
95.7%
2013Peyton Manning
95.6%
2012Drew Brees
95.5%
2013Drew Brees
95.5%
2017Drew Brees
95.4%
2014Drew Brees
95.4%
2016Drew Brees
95.4%
2015Drew Brees
95.3%
2008Drew Brees
95.2%
2007Drew Brees
95.2%
2006Drew Brees
95.2%
2014Peyton Manning
95.2%
1980Archie Manning
94.7%
1978Archie Manning
94.7%
1972Archie Manning
94.7%
2018Patrick Mahomes
88.9%
2007Brett Favre
86.7%
2005Brett Favre
86.7%
2004Brett Favre
86.7%
2001Brett Favre
86.7%
2000Brett Favre
86.7%
1999Brett Favre
86.7%
1998Brett Favre
86.7%
1997Brett Favre
86.7%
1996Brett Favre
86.7%
1995Brett Favre
86.7%
1994Brett Favre
86.7%
2011Aaron Rodgers
86.2%
2016Aaron Rodgers
85.7%
2019Jameis Winston
84.1%
1990Joe Montana
83.5%
1987Joe Montana
83.5%
1985Joe Montana
83.5%
1983Joe Montana
83.5%
1982Joe Montana
83.5%
2019Philip Rivers
83.3%
2008Philip Rivers
82.9%
2013Philip Rivers
82.1%
1997Dan Marino
81.9%
1994Dan Marino
81.9%
1992Dan Marino
81.9%
1991Dan Marino
81.9%
1990Dan Marino
81.9%
1989Dan Marino
81.9%
1988Dan Marino
81.9%
1987Dan Marino
81.9%
1986Dan Marino
81.9%
1985Dan Marino
81.9%
1984Dan Marino
81.9%
1998Steve Young
81.4%
1994Steve Young
81.4%
1993Steve Young
81.4%
1992Steve Young
81.4%
2015Philip Rivers
81.1%
2019Matt Ryan
81%
2016Matt Ryan
80.9%
2017Philip Rivers
80.9%
2014Ben Roethlisberger
80.8%
2015Matt Ryan
80.6%
2017Ben Roethlisberger
80.6%
2016Philip Rivers
80.6%
2018Ben Roethlisberger
80.5%
2014Matt Ryan
80.3%
2013Matt Ryan
79.8%
2012Matt Ryan
79.4%
2009Aaron Rodgers
79.2%
Year Name % Correct
2018Matt Ryan
79.1%
2008Aaron Rodgers
79%
2011Matthew Stafford
75.6%
2008Kurt Warner
74.8%
2001Kurt Warner
74.8%
1999Kurt Warner
74.8%
2012Matthew Stafford
74.5%
1995John Elway
74.5%
1993John Elway
74.5%
1990John Elway
74.5%
1987John Elway
74.5%
1985John Elway
74.5%
2013Matthew Stafford
74.1%
2019Dak Prescott
73.9%
2017Matthew Stafford
70.2%
2019Jared Goff
69.5%
1992Troy Aikman
68.7%
2007Tony Romo
68.6%
2018Jared Goff
68.2%
2018Andrew Luck
67.7%
2012Tony Romo
67.5%
2014Andrew Luck
67.5%
2015Carson Palmer
63.6%
2007Carson Palmer
63.1%
2006Carson Palmer
63.1%
2005Carson Palmer
63.1%
1979Terry Bradshaw
62.9%
1977Terry Bradshaw
62.9%
1997Warren Moon
61.8%
1995Warren Moon
61.8%
1994Warren Moon
61.8%
1993Warren Moon
61.8%
1991Warren Moon
61.8%
1990Warren Moon
61.8%
1989Warren Moon
61.8%
2004Daunte Culpepper
61.1%
2002Daunte Culpepper
61.1%
2000Daunte Culpepper
61.1%
2002Drew Bledsoe
61%
1997Drew Bledsoe
61%
1996Drew Bledsoe
61%
1994Drew Bledsoe
61%
2008Jay Cutler
60.1%
2010Peyton Manning
58.3%
2016Kirk Cousins
58.3%
2010Eli Manning
58%
2010Drew Brees
58%
1993Jim Kelly
56.5%
1992Jim Kelly
56.5%
1991Jim Kelly
56.5%
2003Brad Johnson
54.6%
1999Brad Johnson
54.6%
1973Charley Johnson
54.4%
2009Matt Schaub
54.1%
1974Joe Namath
53.1%
1972Joe Namath
53.1%
1978Roger Staubach
51.7%
1977Roger Staubach
51.7%
1976Roger Staubach
51.7%
1975Roger Staubach
51.7%
1974Roger Staubach
51.7%
1973Roger Staubach
51.7%
2002Rich Gannon
51.4%
2001Rich Gannon
51.4%
1998Randall Cunningham
51.1%
1988Randall Cunningham
51.1%
1985Phil Simms
50.5%
1984Phil Simms
50.5%
2003Matt Hasselbeck
50.3%
1996Vinny Testaverde
50.2%
2010Philip Rivers
50.1%
1984Dan Fouts
48.6%
1982Dan Fouts
48.6%
1981Dan Fouts
48.6%
1980Dan Fouts
48.6%
1979Dan Fouts
48.6%
2009Tony Romo
48.2%
2005Trent Green
45.9%
2004Trent Green
45.9%
2003Trent Green
45.9%
1978Fran Tarkenton
45.9%
1976Fran Tarkenton
45.9%
1975Fran Tarkenton
45.9%
1974Fran Tarkenton
45.9%
Year Name % Correct
1972Fran Tarkenton
45.9%
1971Fran Tarkenton
45.9%
1970Fran Tarkenton
45.8%
2002Kerry Collins
45.6%
1993Boomer Esiason
44.7%
1988Boomer Esiason
44.7%
1987Boomer Esiason
44.7%
1986Boomer Esiason
44.6%
1982Ken Anderson
42.7%
1981Ken Anderson
42.7%
1975Ken Anderson
42.7%
1974Ken Anderson
42.7%
1973Ken Anderson
42.7%
2006Marc Bulger
42.4%
2003Marc Bulger
42.4%
2000Jeff Garcia
40.8%
1976Ken Stabler
38.3%
1974Ken Stabler
38.3%
1996Mark Brunell
37%
2004Jake Plummer
35.8%
1998Jake Plummer
35.8%
1983Joe Theismann
33.6%
1977Bert Jones
32.4%
1976Bert Jones
32.4%
1975Bert Jones
32.4%
1997Jeff George
30.4%
1995Jeff George
30.4%
1973Jim Plunkett
30%
2010Matt Schaub
29.9%
2006Jon Kitna
29.5%
1982Ron Jaworski
29.1%
1991Bernie Kosar
29%
1986Bernie Kosar
29%
1983Danny White
28.9%
1982Danny White
28.9%
2001Aaron Brooks
28.4%
1991Mark Rypien
28%
1989Mark Rypien
28%
1971Len Dawson
28%
1984Dave Krieg
24.5%
1990Jim Everett
23.8%
1989Jim Everett
23.8%
1988Jim Everett
23.8%
2000Elvis Grbac
23.8%
1986Ken O'Brien
23.4%
1985Ken O'Brien
23.4%
1995Scott Mitchell
20.5%
1981Brian Sipe
19.8%
1980Brian Sipe
19.8%
1979Brian Sipe
19.8%
1979Jim Zorn
19.6%
1978Jim Zorn
19.6%
1978Jim Hart
18.8%
1977Jim Hart
18.8%
1976Jim Hart
18.8%
1975Jim Hart
18.8%
1970Jim Hart
18.8%
1988Neil Lomax
18.7%
1987Neil Lomax
18.7%
1984Neil Lomax
18.7%
1981Tommy Kramer
17.7%
1980Tommy Kramer
17.7%
1981Steve Bartkowski
17%
1980Steve Bartkowski
17%
1999Steve Beuerlein
16.9%
1979Steve Deberg
16.8%
1972Craig Morton
16.7%
1972John Hadl
16.5%
1971John Hadl
16.5%
1970Daryle Lamonica
16.3%
1989Don Majkowski
16.2%
1992Stan Humphries
16%
1973Roman Gabriel
15.6%
1970Roman Gabriel
15.6%
1971John Brodie
14.7%
1970John Brodie
14.7%
1996Jeff Blake
14.2%
1983Lynn Dickey
13.9%
1977Joe Ferguson
13.4%
1986Jay Schroeder
12.9%
1983Bill Kenney
9.3%
1971Bill Nelsen
7.3%
Remove Ads.
Support Sporcle.
Get the best of Sporcle when you Go Orange. This ad-free experience offers more features, more stats, and more fun while also helping to support Sporcle. Thank you for becoming a member.

You're not logged in!

Compare scores with friends on all Sporcle quizzes.
OR
Log In

Show Comments

Extras

Top Quizzes Today


Score Distribution

Your Account Isn't Verified!

In order to create a playlist on Sporcle, you need to verify the email address you used during registration. Go to your Sporcle Settings to finish the process.

Report this User

Report this user for behavior that violates our Community Guidelines.

Details: